Az esztétikai tapasztalat
Elmentve itt :
| Szerző: | |
|---|---|
| Adatforrás: | Philobibl |
| Forrásdokumentuma: | Világosság 29 1988/11., 737-742. p. |
| Dokumentumtípus: | Cikk |
| Nyelv: | magyar |
| Kulcsszavak: | esztétika |
| LEADER | 00309nab a2200109 c 4500 | ||
|---|---|---|---|
| 001 | bibDOK00003012 | ||
| 005 | 20200924115922.2 | ||
| 008 | 060518s1988 hu hun | ||
| 100 | 1 | |a Almási Miklós | |
| 245 | 1 | 3 | |a Az esztétikai tapasztalat |c Almási Miklós |
| 695 | |a esztétika | ||
| 773 | 0 | |t Világosság 29 |g 1988/11., 737-742. p. | |